Highlights on Practical Applications of Agents and Multi-Agent Systems International Workshops of PAAMS 2013, Salamanca, Spain, May 22-24, 2013. Proceedings /

This book constitutes the refereed proceedings of the Workshops which complemented the 11th International Conference on Practical Applications of Agents and Multi-Agent Systems, PAAMS 2013, held in Salamanca, Spain, in May 2013. This volume presents the papers that have been accepted for the worksho...

Full description

Bibliographic Details
Corporate Author: SpringerLink (Online service)
Other Authors: Corchado, Juan M. (Editor), Bajo, Javier (Editor), Kozlak, Jaroslaw (Editor), Pawlewski, Pawel (Editor), Molina, Jose M. (Editor), Julian, Vicente (Editor), Silveira, Ricardo Azambuja (Editor), Unland, Rainer (Editor), Giroux, Sylvain (Editor)
Format: Electronic eBook
Language:English
Published: Berlin, Heidelberg : Springer Berlin Heidelberg : Imprint: Springer, 2013.
Series:Communications in Computer and Information Science, 365
Subjects:
Online Access:Full Text via HEAL-Link
LEADER 03792nam a22006495i 4500
001 978-3-642-38061-7
003 DE-He213
005 20151031091133.0
007 cr nn 008mamaa
008 130418s2013 gw | s |||| 0|eng d
020 |a 9783642380617  |9 978-3-642-38061-7 
024 7 |a 10.1007/978-3-642-38061-7  |2 doi 
040 |d GrThAP 
050 4 |a Q334-342 
050 4 |a TJ210.2-211.495 
072 7 |a UYQ  |2 bicssc 
072 7 |a TJFM1  |2 bicssc 
072 7 |a COM004000  |2 bisacsh 
082 0 4 |a 006.3  |2 23 
245 1 0 |a Highlights on Practical Applications of Agents and Multi-Agent Systems  |h [electronic resource] :  |b International Workshops of PAAMS 2013, Salamanca, Spain, May 22-24, 2013. Proceedings /  |c edited by Juan M. Corchado, Javier Bajo, Jaroslaw Kozlak, Pawel Pawlewski, Jose M. Molina, Vicente Julian, Ricardo Azambuja Silveira, Rainer Unland, Sylvain Giroux. 
264 1 |a Berlin, Heidelberg :  |b Springer Berlin Heidelberg :  |b Imprint: Springer,  |c 2013. 
300 |a XX, 474 p. 190 illus.  |b online resource. 
336 |a text  |b txt  |2 rdacontent 
337 |a computer  |b c  |2 rdamedia 
338 |a online resource  |b cr  |2 rdacarrier 
347 |a text file  |b PDF  |2 rda 
490 1 |a Communications in Computer and Information Science,  |x 1865-0929 ;  |v 365 
505 0 |a Workshop on Agent-based Approaches for the Transportation Modeling and Optimization -- Workshop on Agent-Based Solutions for Manufacturing and Supply Chain -- Workshop on User-Centric Technologies and Applications -- Workshop on Conflict Resolution in Decision Making -- Workshop on Multi-Agent System Based Learning Environments -- Workshop on Multi-agent based Applications for Sustainable Energy Systems -- Workshop on Agents and multi-agent Systems for AAL and e-Health. 
520 |a This book constitutes the refereed proceedings of the Workshops which complemented the 11th International Conference on Practical Applications of Agents and Multi-Agent Systems, PAAMS 2013, held in Salamanca, Spain, in May 2013. This volume presents the papers that have been accepted for the workshops: Workshop on Agent-based Approaches for the Transportation Modeling and Optimization, Workshop on Agent-Based Solutions for Manufacturing and Supply Chain, Workshop on User-Centric Technologies and Applications, Workshop on Conflict Resolution in Decision Making, Workshop on Multi-Agent System Based Learning Environments, Workshop on Multi-agent based Applications for Sustainable Energy Systems, Workshop on Agents and multi-agent Systems for AAL and e-Health. 
650 0 |a Computer science. 
650 0 |a Information storage and retrieval. 
650 0 |a Artificial intelligence. 
650 0 |a Application software. 
650 0 |a Education  |x Data processing. 
650 0 |a Computers and civilization. 
650 1 4 |a Computer Science. 
650 2 4 |a Artificial Intelligence (incl. Robotics). 
650 2 4 |a Computers and Education. 
650 2 4 |a Computers and Society. 
650 2 4 |a Information Storage and Retrieval. 
650 2 4 |a Computer Applications. 
700 1 |a Corchado, Juan M.  |e editor. 
700 1 |a Bajo, Javier.  |e editor. 
700 1 |a Kozlak, Jaroslaw.  |e editor. 
700 1 |a Pawlewski, Pawel.  |e editor. 
700 1 |a Molina, Jose M.  |e editor. 
700 1 |a Julian, Vicente.  |e editor. 
700 1 |a Silveira, Ricardo Azambuja.  |e editor. 
700 1 |a Unland, Rainer.  |e editor. 
700 1 |a Giroux, Sylvain.  |e editor. 
710 2 |a SpringerLink (Online service) 
773 0 |t Springer eBooks 
776 0 8 |i Printed edition:  |z 9783642380600 
830 0 |a Communications in Computer and Information Science,  |x 1865-0929 ;  |v 365 
856 4 0 |u http://dx.doi.org/10.1007/978-3-642-38061-7  |z Full Text via HEAL-Link 
912 |a ZDB-2-SCS 
950 |a Computer Science (Springer-11645)